Nghiên cứu ảnh hưởng của một số môi trường dinh dưỡng đến sự sinh trưởng, phát triển của cây bạch mã hoàng tử và ngân hậu bằng phương pháp thủy canh không tuần hoàn tại Đà Nẵng.

Tổng quan tài liệu: Khái quát một số đặc điểm sinh học của đối tượng nghiên cứu...Đối tượng, thời gian, địa điểm và phương pháp nghiên cứu...Kết quả nghiên cứu và biện luận...

Đã lưu trong:
書目詳細資料
主要作者: Nguyễn, Thị Phượng (Tác giả)
其他作者: Đỗ Thị Trường Th.S (Hướng dẫn)
格式: 圖書
語言:Vietnamese
出版: Đại học Đà Nẵng Đại học Sư phạm 2011
叢編:Báo cáo nghiên cứu khoa học khoa Sinh - Môi trường
主題:
標簽: 添加標簽
沒有標簽, 成為第一個標記此記錄!
Thư viện lưu trữ: Mạng thư viện Đại học Đà Nẵng
LEADER 01740nam a2200349 4500
001 000012762
003 9078
005 20120228100243.0
008 120228s2011 viesd
041 |a vie 
072 |a Công trình nghiên cứu khoa học 
082 |a 631.8  |b NG-P 
100 |a Nguyễn, Thị Phượng  |e Tác giả 
245 |a Nghiên cứu ảnh hưởng của một số môi trường dinh dưỡng đến sự sinh trưởng, phát triển của cây bạch mã hoàng tử và ngân hậu bằng phương pháp thủy canh không tuần hoàn tại Đà Nẵng.  |c Nguyễn Thị Phượng, Nguyễn Thị Thu Hiền 
260 |a Đại học Đà Nẵng  |b Đại học Sư phạm  |c 2011 
300 |a 28 tr.  |b Hình ảnh  |c 29 cm  |e CD 
490 |a Báo cáo nghiên cứu khoa học khoa Sinh - Môi trường 
520 |a Tổng quan tài liệu: Khái quát một số đặc điểm sinh học của đối tượng nghiên cứu...Đối tượng, thời gian, địa điểm và phương pháp nghiên cứu...Kết quả nghiên cứu và biện luận... 
653 |a Cây Bạch mã hoàng tử 
653 |a Ngân hậu 
653 |a Thủy canh không tuần hoàn 
700 |a Đỗ Thị Trường  |c Th.S  |e Hướng dẫn 
OWN |a LSP 
AVA |a UDN50  |b LSP  |d 631.8 NG-P  |e available  |t Error 5001 Not defined in file expand_doc_bib_avail.  |f 1  |g 0  |h N  |i 0  |k 1 
999 |a From the UDN01 
AVA |a UDN50  |b LSP  |d 631.8 NG-P  |e available  |t Error 5001 Not defined in file expand_doc_bib_avail.  |f 1  |g 0  |h N  |i 0  |k 1 
TYP |a Monograph 
TYP |a Printed language 
980 |a Mạng thư viện Đại học Đà Nẵng